• 首页
  • 本馆介绍
  • 公告通知
  • 最新文献
  • 馆藏检索
  • 电子资源
  • 读者导购
  • 参考咨询
  • 我的图书馆
  • 登录
  • 详细信息显示
  • 放入我的书架
  • 预约/预借图书
  • 作者相关作品
  • 分类相关作品
  • 丛书相关作品
  • 出版社相关作品

书目信息

  • 表格格式
  • 工作单格式
  • 卡片格式
题名:
理念与悲曲
    
 
作者: 丁宏为 著
分册:  
出版信息: 北京   北京大学出版社  2002.10
页数: 371页
开本: 22cm
丛书名: 北大欧美文学研究丛书
单 册:
中图分类: I561.064
科图分类:
主题词: 华兹华斯--文艺思想--文学研究
电子资源:
ISBN: 7-301-05916-7
000 00767nam0 2200229 45
001 0311121074
005 20031219104121.3
010    @a7-301-05916-7@dCNY24.00
100    @a20031112d2002 km y0chiy0120 ea
101 0  @achi
105    @ac z 000yy
200 1  @a理念与悲曲@ALi Nian Yu Bei Qu@e华兹华斯后革命之变@EHua Zi Hua Si Hou Ge Ming Zhi Bian@f丁宏为著@FDing Hong Wei Zhu
210    @a北京@c北京大学出版社@d2002.10
215    @a371页@c彩照@d22cm
225    @a北大欧美文学研究丛书@h4
410    @12001 @a北大欧美文学研究丛书
517    @a华兹华斯后革命之变@AHua Zi Hua Si Hou Ge Ming Zhi Bian
606 0  @a华兹华斯@x文艺思想@x文学研究
690    @aI561.064@v3
701  0 @a丁宏为@4著
801    @aCN@bTSTC@c20031112
905    @b327985-989@dI561.064@e322@f5
    
    理念与悲曲:华兹华斯后革命之变/丁宏为著.-北京:北京大学出版社,2002.10
    371页:彩照;22cm.-(北大欧美文学研究丛书.4)
    
    
    ISBN 7-301-05916-7:CNY24.00
    
●
相关链接 在E读中查询图书 在五车中查询图书 在当当中查询图书 在豆瓣中查询图书


正题名:理念与悲曲     索取号:I561.064/322         预约/预借

序号 登录号 条形码 馆藏地/架位号 状态 备注
1 0327985   203279852   第二借阅区/ [索取号:I561.064/322] 在馆    
2 0327986   203279861   第二借阅区/ [索取号:I561.064/322] 在馆    
3 0327987   203279870   第二借阅区/ [索取号:I561.064/322] 在馆    
4 0327988   203279889   第二借阅区/ [索取号:I561.064/322] 在馆    
5 0327989   203279898   第一样本阅览室/ [索取号:I561.064/322] 在馆    
唐山师范学院图书馆 欢迎您!
大连网信软件有限公司© 版权所有